Valtioita satunnaisissa neliöissä maailmankartalla - Statistics

Yleistilastot
  • Tätä visaa on pelattu 2 934 kertaa
  • Keskiarvotulos 18 / 20
Vastaukset kartalla
Vastauksille on annettu kartalla punavihreä väri sen mukaan, kuinka moni on saanut sen oikein.
 
Vastaustilastot
Neliö % Oikein
Norja | Ruotsi | Suomi | Venäjä
100%
Costa Rica | Panama | Kolumbia | Venezuela | Brasilia | Peru | Ecuador | Nicaragua
99%
Kanada | Tanska
99%
Norja | Ruotsi | Suomi | Venäjä | Viro | Latvia | Liettua | Valko-Venäjä | Ukraina | Puola | Tanska | Saksa
99%
Yhdysvallat | Kanada
99%
Yhdysvallat | Kanada
99%
Yhdysvallat | Meksiko
99%
Yhdysvallat | Meksiko
99%
Kanada
98%
Kanada | Tanska
98%
Kolumbia | Venezuela | Brasilia | Guyana | Ranska | Trinidad ja Tobago | Suriname
98%
Portugali | Espanja | Ranska | Andorra | Monaco | Yhdistynyt kuningaskunta | Italia | Sveitsi | Liechtenstein | Itävalta | Saksa | Belgia | Alankomaat | Luxemburg
98%
Saksa | Slovakia | Tšekki | Puola | Ukraina | Moldova | Romania | Bulgaria | Kreikka | Turkki | Pohjois-Makedonia | Italia | Vatikaanivaltio | San Marino | Slovenia | Itävalta | Unkari | Kroatia | Bosnia ja Hertsegovina | Albania | Montenegro | Kosovo | Serbia
98%
Venäjä
98%
Venäjä | Kazakstan | Kirgisia | Tadžikistan | Uzbekistan | Afganistan | Kiina | Mongolia
98%
Venäjä | Kiina
98%
Venäjä | Kiina | Mongolia
98%
Venäjä | Kiina | Mongolia | Etelä-Korea | Pohjois-Korea
98%
Yhdysvallat
98%
Yhdysvallat | Kanada
98%
Yhdysvallat | Kanada
98%
Yhdysvallat | Kanada
98%
Argentiina | Uruguay | Brasilia
97%
Brasilia | Paraguay | Argentiina | Chile | Bolivia | Peru
97%
Ecuador | Peru | Brasilia | Kolumbia | Bolivia
97%
Intia | Bangladesh
97%
Intia | Bangladesh | Myanmar | Thaimaa | Laos | Kiina | Vietnam | Kambodža
97%
Irlanti | Yhdistynyt kuningaskunta | Belgia | Alankomaat | Saksa | Tanska | Norja
97%
Kanada
97%
Kanada
97%
Kanada | Tanska
97%
Kuuba | Bahama | Dominikaaninen tasavalta | Haiti | Jamaika | Belize | Guatemala | Honduras | El Salvador | Nicaragua | Costa Rica | Kolumbia | Venezuela | Alankomaat | Meksiko
97%
Meksiko | Guatemala | El Salvador | Belize
97%
Venäjä
97%
Venäjä
97%
Venäjä | Kazakstan | Turkmenistan | Tadžikistan | Uzbekistan | Iran | Kirgisia | Afganistan
97%
Yhdysvallat
97%
Yhdysvallat | Bahama
97%
Yhdysvallat | Kanada
97%
Australia
96%
Chile | Argentiina
96%
Guinea | Liberia | Norsunluurannikko | Mali | Burkina Faso | Ghana | Togo | Benin | Nigeria | Kamerun | Gabon | São Tomé ja Príncipe | Päiväntasaajan Guinea
96%
Kiina | Taiwan | Etelä-Korea | Japani
96%
Tadžikistan | Pakistan | Afganistan | Intia | Kiina | Nepal | Bangladesh | Bhutan
96%
Tunisia | Italia | Malta | Kreikka | Turkki | Egypti | Libya | Algeria
96%
Turkki | Syyria | Kypros | Egypti | Israel | Libanon | Jordania | Saudi-Arabia | Kuwait | Irak | Iran | Bahrain | Qatar
96%
Venäjä
96%
Venäjä
96%
Venäjä
96%
Venäjä
96%
Venäjä
96%
Venäjä
96%
Venäjä | Kazakstan
96%
Venäjä | Kiina | Japani
96%
Venäjä | Suomi | Valko-Venäjä | Ukraina | Kazakstan
96%
Australia
95%
Australia | Indonesia | Itä-Timor
95%
Australia | Indonesia | Papua-Uusi-Guinea
95%
Kanada
95%
Kanada
95%
Tanska | Islanti
95%
Venäjä
95%
Venäjä
95%
Venäjä | Kazakstan
95%
Venäjä | Mongolia
95%
Australia
94%
Brasilia
94%
Brasilia
94%
Espanja | Portugali | Marokko | Mauritania | Algeria | Tunisia | Mali | Libya
94%
Etelä-Afrikka | Lesotho
94%
Malawi | Mosambik | Madagaskar | Zimbabwe | Swazimaa | Etelä-Afrikka
94%
Peru | Bolivia | Chile | Argentiina
94%
Ukraina | Venäjä | Armenia | Georgia | Azerbaidžan | Turkki | Iran | Kazakstan
94%
Brasilia | Bolivia | Peru
93%
Chile | Argentiina
93%
Egypti | Sudan | Etelä-Sudan | Eritrea | Djibouti | Somalia | Etiopia | Saudi-Arabia | Jemen
93%
Iran | Turkmenistan | Afganistan | Pakistan | Tadžikistan | Uzbekistan | Qatar | Saudi-Arabia | Yhdistyneet arabiemiraatit | Oman | Intia
93%
Japani
93%
Libya | Egypti | Sudan | Tšad | Nigeria | Niger | Kamerun | Algeria | Keski-Afrikan tasavalta
93%
Marokko | Mauritania | Espanja
93%
Australia
92%
Australia | Vanuatu | Ranska
92%
Dominikaaninen tasavalta | Yhdysvallat | Grenada | Trinidad ja Tobago | Antigua ja Barbuda | Saint Kitts ja Nevis | Saint Vincent ja Grenadiinit | Barbados | Venezuela | Alankomaat | Ranska | Saint Lucia | Dominica
92%
Filippiinit | Brunei | Malesia | Indonesia
92%
Kap Verde | Marokko | Mauritania | Mali | Senegal | Gambia | Guinea | Guinea-Bissau
92%
Kenia | Tansania | Mosambik | Komorit | Madagaskar | Malawi | Sambia | Ranska
92%
Kiina | Bhutan | Bangladesh | Intia | Myanmar
92%
Namibia | Angola | Sambia | Zimbabwe | Etelä-Afrikka | Lesotho | Botswana
92%
Saudi-Arabia | Yhdistyneet arabiemiraatit | Oman | Jemen | Intia | Pakistan
92%
Vietnam | Kambodža | Myanmar | Malesia | Thaimaa | Singapore | Indonesia
92%
Yhdysvallat
92%
Australia
91%
Intia | Sri Lanka | Malediivit
91%
Sudan | Etelä-Sudan | Etiopia | Kenia | Uganda | Tansania | Somalia | Kongon demokraattinen tasavalta
91%
Sudan | Etelä-Sudan | Kongon demokraattinen tasavalta | Kongon tasavalta | Ruanda | Uganda | Keski-Afrikan tasavalta | Tšad | Kamerun | Nigeria | Gabon | Päiväntasaajan Guinea | Burundi | Tansania
90%
Uusi-Seelanti
90%
Uusi-Seelanti
90%
Algeria | Mali | Mauritania | Guinea | Burkina Faso | Ghana | Togo | Benin | Nigeria | Niger
89%
Chile | Argentiina | Yhdistynyt kuningaskunta
89%
Kiina | Taiwan | Filippiinit
89%
Tanska
89%
Australia
88%
Tanska
88%
Brasilia
87%
Kongon tasavalta | Kongon demokraattinen tasavalta | Burundi | Ruanda | Tansania | Angola | Sambia | Zimbabwe | Mosambik | Gabon
87%
Indonesia
86%
Islanti | Irlanti
85%
Uusi-Seelanti
81%
Mikronesia | Nauru | Marshallinsaaret | Kiribati
80%
Palau | Mikronesia | Indonesia
77%
Kiribati | Tuvalu | Samoa | Fidži
72%
Papua-Uusi-Guinea | Salomoninsaaret | Vanuatu
66%
Guinea | Sierra Leone | Liberia
65%
Kiribati | Marshallinsaaret
64%
Mauritius | Ranska
61%
Kiribati
60%
Fidži | Tonga
59%
Kiribati
57%
Portugali
52%
Seychellit
50%
Ecuador
48%
Marshallinsaaret
47%
Marshallinsaaret
45%
Ehtoja vastaavia visoja ei löytynyt
Tulosjakauma
Jokaisen tuloksen saaneiden osuus
Persentiili vastausten määrän mukaan
Tuloshistoriasi
Et ole pelannut tätä visaa